Analýza odvětvové a územní struktury zaměstnanosti v ČSFR.
Odhad vývoja zamestnanosti z odvetvového a územného hľadiska. Popis výhľadu zmien a vývoj zamestnanosti v sektoroch na základe medzinárodných komparácií a uvádzané koeficienty poklesu (rastu) zamestnanosti v jednotlivých odvetviach. Teritoriálna analýza zamestnanosti a výhľadová projekcia nezamestna...
Gespeichert in:
| 1. Verfasser: | |
|---|---|
| Weitere Verfasser: | |
| Format: | Buchkapitel |
| Sprache: | Tschechisch |
| Schlagworte: | |
| Tags: |
Keine Tags, Fügen Sie das erste Tag hinzu!
|
MARC
| LEADER | 00000naa a2200000 4500 | ||
|---|---|---|---|
| 001 | r006408 | ||
| 005 | 20221125080911.7 | ||
| 041 | 0 | |a cze | |
| 044 | |a [CS] | ||
| 245 | 1 | 0 | |a Analýza odvětvové a územní struktury zaměstnanosti v ČSFR. |c L. Flášarová, O. Kamarýt |
| 520 | |a Odhad vývoja zamestnanosti z odvetvového a územného hľadiska. Popis výhľadu zmien a vývoj zamestnanosti v sektoroch na základe medzinárodných komparácií a uvádzané koeficienty poklesu (rastu) zamestnanosti v jednotlivých odvetviach. Teritoriálna analýza zamestnanosti a výhľadová projekcia nezamestnanosti. | ||
| 610 | 2 | 0 | |a zamestnanosť |
| 610 | 2 | 0 | |a odvetvia činnosti ekonomickej |
| 610 | 2 | 0 | |a nezamestnanosť |
| 610 | 2 | 0 | |a ČSFR |
| 610 | 2 | 0 | |a porovnanie štatistické medzinárodné |
| 610 | 2 | 0 | |a regióny |
| 100 | 1 | |a Flášarová, L. | |
| 700 | 1 | |a Kamarýt, O. | |